[Event "U14 Polish Youth Championship"]
[Site "chess24.com"]
[Date "2018.04.29"]
[Round "1"]
[White "Oglaza, Oskar"]
[Black "Oleksy, Krzysztof"]
[Result "1-0"]
[Board "1"]
[WhiteElo "2237"]
[WhiteCountry "POL"]
[WhiteFideId "1194402"]
[WhiteEloChange "2"]
[BlackElo "1746"]
[BlackCountry "POL"]
[BlackFideId "1194879"]
[BlackEloChange "-2"]

1. e4 {[%clk 1:30:56]} c5 {[%clk 1:30:55]} 2. Nc3 {[%clk 1:31:05]} d6 {[%clk
1:30:12]} 3. Nf3 {[%clk 1:31:13]} Nf6 {[%clk 1:29:30]} 4. d4 {[%clk 1:31:34]}
cxd4 {[%clk 1:29:47]} 5. Nxd4 {[%clk 1:32:00]} a6 {[%clk 1:30:05]} 6. Be2 {[%clk
1:32:01]} e5 {[%clk 1:30:22]} 7. Nb3 {[%clk 1:32:19]} Be7 {[%clk 1:30:23]} 8. O-O
{[%clk 1:32:33]} O-O {[%clk 1:29:05]} 9. Re1 {[%clk 1:32:26]} Be6 {[%clk
1:26:21]} 10. Bf3 {[%clk 1:32:40]} Nbd7 {[%clk 1:17:55]} 11. a4 {[%clk 1:30:30]}
Rc8 {[%clk 1:14:44]} 12. a5 {[%clk 1:29:08]} Qc7 {[%clk 1:13:59]} 13. Be3 {[%clk
1:27:31]} Rfd8 {[%clk 1:07:19]} 14. Re2 {[%clk 1:13:42]} Nc5 {[%clk 0:51:19]} 15.
Rd2 {[%clk 1:10:26]} Kh8 {[%clk 0:26:24]} 16. h3 {[%clk 0:52:22]} h6 {[%clk
0:25:34]} 17. Nxc5 {[%clk 0:31:57]} dxc5 {[%clk 0:25:51]} 18. Nd5 {[%clk
0:31:43]} Bxd5 {[%clk 0:19:34]} 19. exd5 {[%clk 0:32:07]} Qd7 {[%clk 0:11:29]}
20. Bg4 {[%clk 0:27:04]} Nxg4 {[%clk 0:11:01]} 21. hxg4 {[%clk 0:27:29]} g5
{[%clk 0:08:44]} 22. Qf3 {[%clk 0:27:18]} Kg7 {[%clk 0:08:02]} 23. c4 {[%clk
0:20:21]} Bd6 {[%clk 0:07:42]} 24. Qe4 {[%clk 0:14:26]} Rf8 {[%clk 0:06:01]} 25.
f3 {[%clk 0:04:10]} f5 {[%clk 0:02:31]} 26. gxf5 {[%clk 0:04:32]} Qxf5 {[%clk
0:02:42]} 27. Rc1 {[%clk 0:04:21]} Qxe4 {[%clk 0:02:45]} 28. fxe4 {[%clk
0:04:48]} Rfd8 {[%clk 0:01:33]} 29. b4 {[%clk 0:03:01]} Rd7 {[%clk 0:01:36]} 30.
Rb2 {[%clk 0:01:59]} Kg6 {[%clk 0:01:00]} 31. b5 {[%clk 0:02:07]} Rcc7 {[%clk
0:00:32]} 32. bxa6 {[%clk 0:02:24]} bxa6 {[%clk 0:00:33]} 33. Rb6 {[%clk
0:02:52]} Kh7 {[%clk 0:00:31]} 34. Rxa6 {[%clk 0:03:12]} Ra7 {[%clk 0:00:52]} 35.
Rxd6 {[%clk 0:03:38]} Rxd6 {[%clk 0:00:39]} 36. Bxc5 {[%clk 0:04:05]} Rda6 {[%clk
0:00:58]} 37. Bxa7 {[%clk 0:04:29]} Rxa7 {[%clk 0:00:58]} 38. c5 {[%clk 0:04:52]}
1-0

[Event "U14 Polish Youth Championship"]
[Site "chess24.com"]
[Date "2018.04.29"]
[Round "1"]
[White "Kalkowski, Igor"]
[Black "Czopor, Maciej"]
[Result "0-1"]
[Board "2"]
[WhiteElo "1720"]
[WhiteCountry "POL"]
[WhiteFideId "21833966"]
[WhiteEloChange "-2"]
[BlackElo "2153"]
[BlackCountry "POL"]
[BlackFideId "21805431"]
[BlackEloChange "2"]

1. e4 {[%clk 1:30:56]} c5 {[%clk 1:30:52]} 2. Nf3 {[%clk 1:31:16]} e6 {[%clk
1:31:12]} 3. d4 {[%clk 1:31:32]} cxd4 {[%clk 1:31:30]} 4. Nxd4 {[%clk 1:31:45]}
Nf6 {[%clk 1:31:46]} 5. Nc3 {[%clk 1:32:04]} d6 {[%clk 1:32:07]} 6. g4 {[%clk
1:32:07]} h6 {[%clk 1:32:14]} 7. g5 {[%clk 1:32:12]} hxg5 {[%clk 1:30:58]} 8.
Bxg5 {[%clk 1:32:03]} Nc6 {[%clk 1:23:30]} 9. Qd2 {[%clk 1:31:00]} a6 {[%clk
1:17:53]} 10. O-O-O {[%clk 1:28:55]} Bd7 {[%clk 1:14:36]} 11. h4 {[%clk 1:24:58]}
Qa5 {[%clk 1:06:57]} 12. Nb3 {[%clk 1:20:04]} Qc7 {[%clk 1:06:39]} 13. Be2 {[%clk
1:17:27]} b5 {[%clk 1:01:33]} 14. a3 {[%clk 1:12:14]} b4 {[%clk 0:48:29]} 15.
axb4 {[%clk 1:06:32]} Nxb4 {[%clk 0:48:16]} 16. Bxf6 {[%clk 1:02:48]} gxf6 {[%clk
0:48:03]} 17. Qd4 {[%clk 1:00:42]} a5 {[%clk 0:45:44]} 18. Qxf6 {[%clk 0:58:34]}
Rh7 {[%clk 0:42:28]} 19. Rdg1 {[%clk 0:53:19]} a4 {[%clk 0:40:41]} 20. Nd4 {[%clk
0:46:26]} a3 {[%clk 0:39:38]} 21. Ndb5 {[%clk 0:45:19]} axb2+ {[%clk 0:34:53]}
22. Kxb2 {[%clk 0:44:30]} Qb6 {[%clk 0:33:02]} 23. Qd4 {[%clk 0:28:13]} Qxd4
{[%clk 0:32:48]} 24. Nxd4 {[%clk 0:28:33]} Bg7 {[%clk 0:32:01]} 25. Ndb5 {[%clk
0:27:31]} Ke7 {[%clk 0:32:04]} 26. Kb3 {[%clk 0:19:46]} Na6 {[%clk 0:30:52]} 27.
Na4 {[%clk 0:17:14]} Rb8 {[%clk 0:28:30]} 28. c4 {[%clk 0:15:58]} d5 {[%clk
0:28:17]} 29. exd5 {[%clk 0:15:13]} exd5 {[%clk 0:28:36]} 30. Rb1 {[%clk
0:14:48]} dxc4+ {[%clk 0:27:40]} 31. Kxc4 {[%clk 0:12:41]} Be6+ {[%clk 0:27:56]}
32. Kd3 {[%clk 0:12:07]} Bf5+ {[%clk 0:28:19]} 33. Kd2 {[%clk 0:09:36]} Bxb1
{[%clk 0:28:24]} 34. Rxb1 {[%clk 0:10:01]} Rxh4 {[%clk 0:28:45]} 35. Re1 {[%clk
0:08:57]} Kf8 {[%clk 0:27:42]} 36. Nac3 {[%clk 0:07:17]} Nb4 {[%clk 0:27:49]} 37.
Nd1 {[%clk 0:03:58]} Rd8+ {[%clk 0:22:11]} 38. Kc1 {[%clk 0:03:31]} Rh6 {[%clk
0:22:31]} 39. Ne3 {[%clk 0:02:24]} Ra6 {[%clk 0:22:23]} 0-1

[Event "U14 Polish Youth Championship"]
[Site "chess24.com"]
[Date "2018.04.29"]
[Round "1"]
[White "Luczak, Filip"]
[Black "Poltorak, Sebastian"]
[Result "1/2-1/2"]
[Board "3"]
[WhiteElo "2126"]
[WhiteTitle "CM"]
[WhiteCountry "POL"]
[WhiteFideId "1193686"]
[WhiteEloChange "-8"]
[BlackElo "1705"]
[BlackCountry "POL"]
[BlackFideId "1199498"]
[BlackEloChange "8"]

1. d4 {[%clk 1:30:57]} Nf6 {[%clk 1:30:52]} 2. Nf3 {[%clk 1:31:23]} e6 {[%clk
1:31:17]} 3. g3 {[%clk 1:31:48]} b6 {[%clk 1:30:20]} 4. Bg2 {[%clk 1:32:05]} Bb7
{[%clk 1:30:43]} 5. c4 {[%clk 1:31:40]} Bb4+ {[%clk 1:30:06]} 6. Bd2 {[%clk
1:31:16]} Bxd2+ {[%clk 1:28:24]} 7. Nbxd2 {[%clk 1:31:37]} d6 {[%clk 1:28:17]} 8.
Qc2 {[%clk 1:29:29]} Nbd7 {[%clk 1:27:15]} 9. O-O {[%clk 1:28:34]} O-O {[%clk
1:27:07]} 10. e4 {[%clk 1:28:34]} e5 {[%clk 1:27:07]} 11. d5 {[%clk 1:18:17]} c6
{[%clk 1:18:56]} 12. b4 {[%clk 1:04:00]} cxd5 {[%clk 1:09:41]} 13. cxd5 {[%clk
1:04:15]} Rc8 {[%clk 1:01:52]} 14. Qb2 {[%clk 1:03:32]} Qe7 {[%clk 0:51:28]} 15.
Rfc1 {[%clk 0:32:39]} g6 {[%clk 0:46:39]} 16. Rxc8 {[%clk 0:31:32]} Rxc8 {[%clk
0:46:57]} 17. Rc1 {[%clk 0:31:11]} Qd8 {[%clk 0:40:10]} 18. Ne1 {[%clk 0:29:10]}
Rc7 {[%clk 0:31:32]} 19. f3 {[%clk 0:25:26]} Ne8 {[%clk 0:23:17]} 20. Rxc7 {[%clk
0:25:29]} Nxc7 {[%clk 0:22:20]} 21. Bf1 {[%clk 0:22:50]} Qg5 {[%clk 0:13:40]} 22.
Kf2 {[%clk 0:18:40]} Qh6 {[%clk 0:13:39]} 23. h4 {[%clk 0:15:23]} g5 {[%clk
0:12:15]} 24. Ng2 {[%clk 0:11:05]} Nf6 {[%clk 0:07:56]} 25. Qc3 {[%clk 0:05:13]}
g4 {[%clk 0:03:39]} 26. Qe3 {[%clk 0:04:02]} Qxe3+ {[%clk 0:02:04]} 27. Nxe3
{[%clk 0:04:03]} gxf3 {[%clk 0:02:28]} 28. Kxf3 {[%clk 0:04:26]} Bc8 {[%clk
0:02:49]} 29. a4 {[%clk 0:03:01]} Bd7 {[%clk 0:01:56]} 30. b5 {[%clk 0:03:02]} h5
{[%clk 0:02:23]} 31. Ndc4 {[%clk 0:02:39]} Nce8 {[%clk 0:01:50]} 32. Be2 {[%clk
0:01:27]} Kf8 {[%clk 0:02:02]} 33. Nc2 {[%clk 0:01:42]} Bg4+ {[%clk 0:02:16]} 34.
Ke3 {[%clk 0:02:12]} Bxe2 {[%clk 0:02:35]} 35. Kxe2 {[%clk 0:02:29]} Nxe4 {[%clk
0:03:01]} 36. Nb4 {[%clk 0:02:06]} Nc3+ {[%clk 0:01:21]} 37. Kd2 {[%clk 0:02:05]}
Nxa4 {[%clk 0:01:43]} 38. Nc6 {[%clk 0:02:33]} Nc7 {[%clk 0:01:08]} 39. Nxd6
{[%clk 0:01:42]} Nxd5 {[%clk 0:01:33]} 40. Nxe5 {[%clk 0:01:32]} Nc7 {[%clk
0:00:55]} 1/2-1/2

[Event "U14 Polish Youth Championship"]
[Site "chess24.com"]
[Date "2018.04.29"]
[Round "1"]
[White "Kietrys, Maciej"]
[Black "Baum, Jonasz"]
[Result "0-1"]
[Board "4"]
[WhiteElo "1699"]
[WhiteCountry "POL"]
[WhiteFideId "21820732"]
[WhiteEloChange "-2"]
[BlackElo "2121"]
[BlackCountry "POL"]
[BlackFideId "1195360"]
[BlackEloChange "2"]

1. e4 {[%clk 1:30:57]} c5 {[%clk 1:30:56]} 2. Nc3 {[%clk 1:31:06]} Nc6 {[%clk
1:31:19]} 3. g3 {[%clk 1:31:32]} g6 {[%clk 1:31:45]} 4. Bg2 {[%clk 1:31:58]} Bg7
{[%clk 1:32:11]} 5. d3 {[%clk 1:32:08]} d6 {[%clk 1:32:07]} 6. Be3 {[%clk
1:32:24]} Nf6 {[%clk 1:32:32]} 7. h3 {[%clk 1:32:42]} O-O {[%clk 1:32:31]} 8. Qd2
{[%clk 1:32:50]} Nd4 {[%clk 1:32:29]} 9. Nge2 {[%clk 1:32:42]} e5 {[%clk
1:32:28]} 10. O-O {[%clk 1:32:23]} Bxh3 {[%clk 1:32:41]} 11. Bxd4 {[%clk
1:29:35]} Bxg2 {[%clk 1:32:57]} 12. Kxg2 {[%clk 1:29:45]} cxd4 {[%clk 1:32:35]}
13. Nd1 {[%clk 1:23:06]} Rc8 {[%clk 1:19:55]} 14. f3 {[%clk 1:05:47]} Qb6 {[%clk
1:18:38]} 15. c3 {[%clk 1:00:52]} dxc3 {[%clk 1:18:30]} 16. Ndxc3 {[%clk
1:00:39]} Rfd8 {[%clk 1:15:22]} 17. g4 {[%clk 0:54:32]} h6 {[%clk 1:12:39]} 18.
Rh1 {[%clk 0:49:06]} d5 {[%clk 1:11:22]} 19. Ng3 {[%clk 0:27:20]} dxe4 {[%clk
1:09:15]} 20. Ngxe4 {[%clk 0:26:56]} Nxe4 {[%clk 1:03:41]} 21. fxe4 {[%clk
0:26:42]} Qe6 {[%clk 1:03:08]} 22. Qe2 {[%clk 0:26:42]} Rd7 {[%clk 0:42:48]} 23.
Rhf1 {[%clk 0:25:14]} Rcd8 {[%clk 0:42:05]} 24. Rad1 {[%clk 0:24:58]} Bf6 {[%clk
0:39:08]} 25. Nd5 {[%clk 0:23:42]} Bg5 {[%clk 0:39:10]} 26. Qf3 {[%clk 0:23:42]}
Rxd5 {[%clk 0:29:44]} 27. exd5 {[%clk 0:22:31]} Qxd5 {[%clk 0:30:06]} 28. Qxd5
{[%clk 0:20:54]} Rxd5 {[%clk 0:30:35]} 29. Rfe1 {[%clk 0:19:59]} Kg7 {[%clk
0:22:58]} 30. Kf3 {[%clk 0:17:28]} f5 {[%clk 0:22:48]} 31. gxf5 {[%clk 0:16:14]}
gxf5 {[%clk 0:23:16]} 32. Rg1 {[%clk 0:14:37]} Kf6 {[%clk 0:21:13]} 33. Rg2
{[%clk 0:12:26]} e4+ {[%clk 0:20:07]} 34. Ke2 {[%clk 0:12:34]} f4 {[%clk
0:20:24]} 35. dxe4 {[%clk 0:10:39]} f3+ {[%clk 0:20:42]} 36. Kxf3 {[%clk
0:11:05]} Rxd1 {[%clk 0:21:07]} 37. Rc2 {[%clk 0:11:24]} Rd2 {[%clk 0:20:58]} 0-1

[Event "U14 Polish Youth Championship"]
[Site "chess24.com"]
[Date "2018.04.29"]
[Round "1"]
[White "Fiedorek, Michal"]
[Black "Sieczkowski, Adam"]
[Result "1-0"]
[Board "5"]
[WhiteElo "2081"]
[WhiteCountry "POL"]
[WhiteFideId "1199528"]
[WhiteEloChange "2"]
[BlackElo "1695"]
[BlackCountry "POL"]
[BlackFideId "21835250"]
[BlackEloChange "-2"]

1. e4 {[%clk 1:30:30]} c5 {[%clk 1:30:30]} 2. Nf3 {[%clk 1:30:30]} g6 {[%clk
1:30:30]} 3. c4 {[%clk 1:30:30]} Bg7 {[%clk 1:30:30]} 4. d4 {[%clk 1:30:30]} cxd4
{[%clk 1:30:30]} 5. Nxd4 {[%clk 1:30:30]} d6 {[%clk 1:30:30]} 6. Nc3 {[%clk
1:30:30]} Nc6 {[%clk 1:30:30]} 7. Be3 {[%clk 1:30:30]} Nf6 {[%clk 1:30:30]} 8.
Be2 {[%clk 1:30:30]} O-O {[%clk 1:30:30]} 9. O-O {[%clk 1:30:30]} Bd7 {[%clk
1:30:30]} 10. Qd2 {[%clk 1:30:30]} Rc8 {[%clk 1:30:30]} 11. f3 {[%clk 1:30:30]}
Ne5 {[%clk 1:30:30]} 12. b3 {[%clk 1:30:30]} Ne8 {[%clk 1:30:30]} 13. Rab1 {[%clk
1:30:30]} Nc7 {[%clk 1:30:30]} 14. Rfc1 {[%clk 1:30:30]} Ne6 {[%clk 1:30:30]} 15.
Nxe6 {[%clk 1:30:30]} Bxe6 {[%clk 1:30:30]} 16. Nd5 {[%clk 1:30:30]} b6 {[%clk
1:30:30]} 17. b4 {[%clk 1:30:30]} Qd7 {[%clk 1:30:30]} 18. a3 {[%clk 1:30:30]}
Qa4 {[%clk 1:30:30]} 19. Nxe7+ {[%clk 1:30:30]} Kh8 {[%clk 1:30:30]} 20. Nxc8
{[%clk 1:30:30]} Rxc8 {[%clk 1:30:30]} 21. Qxd6 {[%clk 1:30:30]} Qe8 {[%clk
1:30:30]} 22. Qd2 {[%clk 1:30:30]} Bxc4 {[%clk 1:30:30]} 23. Bxc4 {[%clk
1:30:30]} Nxc4 {[%clk 1:30:30]} 24. Qc2 {[%clk 1:30:30]} h6 {[%clk 1:30:30]} 25.
Bf2 {[%clk 1:30:30]} Qe5 {[%clk 1:30:30]} 26. Qd3 {[%clk 1:30:30]} b5 {[%clk
1:30:30]} 27. Qd7 {[%clk 1:30:30]} Rc7 {[%clk 1:30:30]} 28. Qd8+ {[%clk 1:30:30]}
Kh7 {[%clk 1:30:30]} 29. Rd1 {[%clk 1:30:30]} Rc6 {[%clk 1:30:30]} 30. Bd4 {[%clk
1:30:30]} Qf4 {[%clk 1:30:30]} 31. Bxg7 {[%clk 1:30:30]} Kxg7 {[%clk 1:30:30]}
32. Qd4+ {[%clk 1:30:30]} Ne5 {[%clk 1:30:30]} 33. Qd2 {[%clk 1:30:30]} Qh4
{[%clk 1:30:30]} 34. Rbc1 {[%clk 1:30:30]} Rf6 {[%clk 1:30:30]} 35. Rc5 {[%clk
1:30:30]} Nc4 {[%clk 1:30:30]} 36. Qc3 {[%clk 1:30:30]} a6 {[%clk 1:30:30]} 37.
Rc6 {[%clk 1:30:30]} h5 {[%clk 1:30:30]} 38. g3 {[%clk 1:30:30]} Qg5 {[%clk
1:30:30]} 39. f4 {[%clk 1:30:30]} Qg4 {[%clk 1:30:30]} 40. Qxf6+ {[%clk 1:30:30]}
1-0

[Event "U14 Polish Youth Championship"]
[Site "chess24.com"]
[Date "2018.04.29"]
[Round "1"]
[White "Panek, Bartosz"]
[Black "Czernek, Tymon"]
[Result "0-1"]
[Board "6"]
[WhiteElo "1688"]
[WhiteCountry "POL"]
[WhiteFideId "1198220"]
[WhiteEloChange "-2"]
[BlackElo "2057"]
[BlackCountry "POL"]
[BlackFideId "1199510"]
[BlackEloChange "2"]

1. e4 {[%clk 1:30:57]} c5 {[%clk 1:30:55]} 2. Nf3 {[%clk 1:31:18]} d6 {[%clk
1:31:19]} 3. d4 {[%clk 1:31:43]} cxd4 {[%clk 1:31:45]} 4. Nxd4 {[%clk 1:32:05]}
Nf6 {[%clk 1:32:11]} 5. Nc3 {[%clk 1:32:25]} a6 {[%clk 1:32:37]} 6. Bg5 {[%clk
1:32:43]} e6 {[%clk 1:33:00]} 7. Qe2 {[%clk 1:33:04]} h6 {[%clk 1:31:31]} 8. Bxf6
{[%clk 1:27:45]} Qxf6 {[%clk 1:31:52]} 9. O-O-O {[%clk 1:27:13]} Nc6 {[%clk
1:28:44]} 10. Nxc6 {[%clk 1:25:51]} bxc6 {[%clk 1:29:08]} 11. Qe3 {[%clk
1:25:24]} Qd8 {[%clk 1:25:18]} 12. f4 {[%clk 1:25:26]} Be7 {[%clk 1:25:27]} 13.
Kb1 {[%clk 1:24:23]} Rb8 {[%clk 1:23:44]} 14. Bc4 {[%clk 1:24:07]} d5 {[%clk
1:15:25]} 15. Bb3 {[%clk 1:17:26]} O-O {[%clk 1:11:53]} 16. g4 {[%clk 1:16:27]}
Qb6 {[%clk 1:06:05]} 17. Qxb6 {[%clk 1:08:26]} Rxb6 {[%clk 1:06:29]} 18. exd5
{[%clk 1:08:40]} cxd5 {[%clk 1:06:52]} 19. f5 {[%clk 1:08:43]} Bb7 {[%clk
1:05:37]} 20. fxe6 {[%clk 1:07:40]} fxe6 {[%clk 1:05:56]} 21. Rhf1 {[%clk
1:07:42]} Bf6 {[%clk 1:03:22]} 22. Ne2 {[%clk 1:01:20]} a5 {[%clk 1:00:07]} 23.
Nd4 {[%clk 0:57:31]} Rb8 {[%clk 0:56:09]} 24. a4 {[%clk 0:54:01]} Ba6 {[%clk
0:54:34]} 25. Rf3 {[%clk 0:14:45]} Bc4 {[%clk 0:53:35]} 26. Ka2 {[%clk 0:12:23]}
e5 {[%clk 0:49:20]} 27. Nb5 {[%clk 0:12:40]} Bxb3+ {[%clk 0:39:38]} 28. cxb3
{[%clk 0:13:00]} d4 {[%clk 0:39:57]} 29. b4 {[%clk 0:12:15]} axb4 {[%clk
0:39:39]} 30. Kb3 {[%clk 0:12:38]} Rc6 {[%clk 0:36:31]} 31. Rf2 {[%clk 0:10:51]}
Rd8 {[%clk 0:33:35]} 32. Kxb4 {[%clk 0:10:09]} e4 {[%clk 0:33:05]} 33. Re2 {[%clk
0:07:52]} Re6 {[%clk 0:31:18]} 34. Kb3 {[%clk 0:03:00]} d3 {[%clk 0:31:21]} 35.
Ree1 {[%clk 0:00:52]} e3 {[%clk 0:31:31]} 36. Nc3 {[%clk 0:00:50]} e2 {[%clk
0:31:39]} 37. Nxe2 {[%clk 0:00:45]} dxe2 {[%clk 0:31:57]} 38. Rxd8+ {[%clk
0:01:00]} 0-1

[Event "U14 Polish Youth Championship"]
[Site "chess24.com"]
[Date "2018.04.29"]
[Round "1"]
[White "Ochedzan, Tymon"]
[Black "Szydlo, Michal"]
[Result "1-0"]
[Board "7"]
[WhiteElo "2047"]
[WhiteTitle "CM"]
[WhiteCountry "POL"]
[WhiteFideId "21810389"]
[WhiteEloChange "2"]
[BlackElo "1673"]
[BlackCountry "POL"]
[BlackFideId "21810540"]
[BlackEloChange "-2"]

1. e4 {[%clk 1:30:57]} c5 {[%clk 1:30:56]} 2. Nf3 {[%clk 1:31:23]} d6 {[%clk
1:31:20]} 3. d4 {[%clk 1:31:48]} cxd4 {[%clk 1:31:44]} 4. Nxd4 {[%clk 1:32:13]}
Nf6 {[%clk 1:32:10]} 5. Nc3 {[%clk 1:32:33]} a6 {[%clk 1:32:31]} 6. Bg5 {[%clk
1:32:49]} e6 {[%clk 1:32:51]} 7. f4 {[%clk 1:32:42]} Qc7 {[%clk 1:33:16]} 8. Qf3
{[%clk 1:31:36]} b5 {[%clk 1:33:05]} 9. Bd3 {[%clk 1:24:18]} b4 {[%clk 1:33:05]}
10. Nce2 {[%clk 1:24:18]} Nbd7 {[%clk 1:32:04]} 11. O-O {[%clk 1:19:59]} Be7
{[%clk 1:30:37]} 12. Kh1 {[%clk 1:18:22]} Bb7 {[%clk 1:28:26]} 13. c3 {[%clk
1:06:35]} bxc3 {[%clk 1:20:34]} 14. Nxc3 {[%clk 1:04:58]} Qb6 {[%clk 1:14:45]}
15. Nb3 {[%clk 1:03:43]} O-O {[%clk 1:12:35]} 16. Rae1 {[%clk 1:02:27]} e5 {[%clk
1:02:37]} 17. f5 {[%clk 0:59:19]} Rac8 {[%clk 1:00:03]} 18. Be3 {[%clk 0:57:25]}
Qc7 {[%clk 0:58:17]} 19. Rc1 {[%clk 0:56:30]} Qb8 {[%clk 0:57:49]} 20. Rc2 {[%clk
0:48:52]} Rxc3 {[%clk 0:48:57]} 21. bxc3 {[%clk 0:44:31]} d5 {[%clk 0:47:02]} 22.
exd5 {[%clk 0:40:18]} Nxd5 {[%clk 0:45:15]} 23. Qe2 {[%clk 0:37:08]} Nxe3 {[%clk
0:44:45]} 24. Qxe3 {[%clk 0:36:54]} Qc7 {[%clk 0:44:10]} 25. Re1 {[%clk 0:34:37]}
Bc5 {[%clk 0:39:11]} 26. Nxc5 {[%clk 0:32:59]} Qxc5 {[%clk 0:38:12]} 27. Be4
{[%clk 0:31:58]} Bxe4 {[%clk 0:31:57]} 28. Qxe4 {[%clk 0:32:06]} Rb8 {[%clk
0:30:51]} 29. h3 {[%clk 0:30:57]} f6 {[%clk 0:30:01]} 30. Rd1 {[%clk 0:29:27]}
Nb6 {[%clk 0:30:00]} 31. Rb2 {[%clk 0:27:14]} Rc8 {[%clk 0:29:27]} 32. Qb7 {[%clk
0:24:51]} Nc4 {[%clk 0:28:08]} 33. Rd7 {[%clk 0:23:58]} Qf8 {[%clk 0:28:33]} 34.
Rxg7+ {[%clk 0:22:17]} Kh8 {[%clk 0:29:02]} 35. Rxh7+ {[%clk 0:22:38]} Kg8 {[%clk
0:29:29]} 36. Rh4 {[%clk 0:22:38]} 1-0

[Event "U14 Polish Youth Championship"]
[Site "chess24.com"]
[Date "2018.04.29"]
[Round "1"]
[White "Bartoszewski-Reiski, Olaf"]
[Black "Niedbala, Bartlomiej"]
[Result "0-1"]
[Board "8"]
[WhiteElo "1668"]
[WhiteCountry "POL"]
[WhiteFideId "21819351"]
[WhiteEloChange "-3"]
[BlackElo "1956"]
[BlackCountry "POL"]
[BlackFideId "21834008"]
[BlackEloChange "3"]

1. e4 {[%clk 1:30:57]} c5 {[%clk 1:30:48]} 2. Nf3 {[%clk 1:31:20]} Nc6 {[%clk
1:31:10]} 3. d4 {[%clk 1:31:43]} cxd4 {[%clk 1:31:31]} 4. Nxd4 {[%clk 1:31:59]}
g6 {[%clk 1:31:51]} 5. Nc3 {[%clk 1:27:31]} Bg7 {[%clk 1:32:10]} 6. Be3 {[%clk
1:27:29]} Nf6 {[%clk 1:32:32]} 7. Bc4 {[%clk 1:27:44]} O-O {[%clk 1:32:57]} 8.
Bb3 {[%clk 1:27:54]} a5 {[%clk 1:33:11]} 9. a4 {[%clk 1:28:10]} Ng4 {[%clk
1:32:16]} 10. Nxc6 {[%clk 1:21:58]} Nxe3 {[%clk 1:32:26]} 11. Nxd8 {[%clk
1:19:30]} Nxd1 {[%clk 1:30:43]} 12. Rxd1 {[%clk 1:18:10]} Bxc3+ {[%clk 1:27:53]}
13. bxc3 {[%clk 1:17:03]} Rxd8 {[%clk 1:28:14]} 14. Rd3 {[%clk 1:12:19]} b6
{[%clk 1:26:14]} 15. Bc4 {[%clk 1:08:57]} d6 {[%clk 1:24:47]} 16. Bb5 {[%clk
1:04:43]} Bd7 {[%clk 1:10:41]} 17. Bxd7 {[%clk 1:01:49]} Rxd7 {[%clk 1:10:45]}
18. Kd2 {[%clk 1:02:00]} Rc7 {[%clk 1:11:04]} 19. f3 {[%clk 0:58:43]} Rc4 {[%clk
1:07:42]} 20. Ra1 {[%clk 0:54:06]} Rac8 {[%clk 1:07:58]} 21. Ra3 {[%clk 0:54:06]}
Kg7 {[%clk 1:07:40]} 22. Rd4 {[%clk 0:50:47]} R8c6 {[%clk 1:05:51]} 23. Kd3
{[%clk 0:49:34]} R4c5 {[%clk 1:05:24]} 24. Rb3 {[%clk 0:46:51]} e6 {[%clk
1:05:18]} 25. Kd2 {[%clk 0:41:38]} Kf6 {[%clk 1:02:11]} 26. g3 {[%clk 0:40:35]}
Ke7 {[%clk 1:01:11]} 27. Ra3 {[%clk 0:38:15]} e5 {[%clk 1:00:15]} 28. Rd3 {[%clk
0:38:17]} Ke6 {[%clk 1:00:27]} 29. Kc1 {[%clk 0:37:07]} Rc4 {[%clk 0:59:59]} 30.
Kb2 {[%clk 0:37:11]} f5 {[%clk 1:00:22]} 31. exf5+ {[%clk 0:36:55]} gxf5 {[%clk
1:00:12]} 32. Ra1 {[%clk 0:36:17]} d5 {[%clk 1:00:21]} 33. Rad1 {[%clk 0:35:29]}
R6c5 {[%clk 1:00:24]} 34. Kb3 {[%clk 0:35:46]} b5 {[%clk 0:59:02]} 35. axb5
{[%clk 0:31:04]} Rxb5+ {[%clk 0:59:24]} 36. Ka3 {[%clk 0:31:28]} a4 {[%clk
0:52:49]} 37. Re3 {[%clk 0:28:30]} Rbc5 {[%clk 0:51:21]} 38. Rdd3 {[%clk
0:26:21]} Kd6 {[%clk 0:50:49]} 39. f4 {[%clk 0:22:46]} e4 {[%clk 0:50:29]} 40.
Rd2 {[%clk 0:23:05]} Rxc3+ {[%clk 0:48:12]} 41. Rxc3 {[%clk 0:23:23]} Rxc3+
{[%clk 0:48:33]} 42. Kxa4 {[%clk 0:23:49]} e3 {[%clk 0:48:58]} 43. Re2 {[%clk
0:24:09]} d4 {[%clk 0:49:22]} 44. h3 {[%clk 0:22:42]} h5 {[%clk 0:49:20]} 45. Kb4
{[%clk 0:22:11]} Kd5 {[%clk 0:49:44]} 46. g4 {[%clk 0:20:01]} hxg4 {[%clk
0:50:05]} 47. h4 {[%clk 0:20:10]} Ke4 {[%clk 0:50:24]} 48. h5 {[%clk 0:20:30]}
Kf3 {[%clk 0:50:46]} 49. Re1 {[%clk 0:20:54]} Rxc2 {[%clk 0:50:50]} 50. h6 {[%clk
0:21:14]} d3 {[%clk 0:49:46]} 51. Rh1 {[%clk 0:21:18]} d2 {[%clk 0:50:00]} 52. h7
{[%clk 0:21:19]} Rc8 {[%clk 0:50:24]} 53. h8Q {[%clk 0:21:05]} Rxh8 {[%clk
0:50:40]} 54. Rxh8 {[%clk 0:21:28]} 0-1

[Event "U14 Polish Youth Championship"]
[Site "chess24.com"]
[Date "2018.04.29"]
[Round "1"]
[White "Bachor, Tomasz"]
[Black "Kacprzak, Kacper"]
[Result "1/2-1/2"]
[Board "9"]
[WhiteElo "1953"]
[WhiteCountry "POL"]
[WhiteFideId "21814694"]
[WhiteEloChange "-7"]
[BlackElo "1668"]
[BlackCountry "POL"]
[BlackFideId "21819319"]
[BlackEloChange "7"]

1. e4 {[%clk 1:30:56]} e6 {[%clk 1:30:16]} 2. d4 {[%clk 1:31:04]} d5 {[%clk
1:30:31]} 3. e5 {[%clk 1:30:43]} c5 {[%clk 1:30:03]} 4. c3 {[%clk 1:30:30]} Nc6
{[%clk 1:29:36]} 5. Nf3 {[%clk 1:30:20]} Qb6 {[%clk 1:27:40]} 6. a3 {[%clk
1:29:09]} c4 {[%clk 1:26:54]} 7. g3 {[%clk 1:26:47]} Bd7 {[%clk 1:23:51]} 8. Bh3
{[%clk 1:24:37]} h6 {[%clk 1:21:28]} 9. O-O {[%clk 1:20:03]} Nge7 {[%clk
1:15:40]} 10. Nh4 {[%clk 1:13:52]} Nf5 {[%clk 1:08:06]} 11. Nxf5 {[%clk 1:04:14]}
exf5 {[%clk 1:08:23]} 12. Nd2 {[%clk 1:02:57]} Be6 {[%clk 1:05:19]} 13. Rb1
{[%clk 0:59:57]} Na5 {[%clk 0:48:43]} 14. Kh1 {[%clk 0:46:36]} Rc8 {[%clk
0:40:46]} 15. f4 {[%clk 0:38:58]} h5 {[%clk 0:37:59]} 16. Rf3 {[%clk 0:31:35]}
Nb3 {[%clk 0:33:14]} 17. Nf1 {[%clk 0:19:07]} a5 {[%clk 0:32:06]} 18. Ne3 {[%clk
0:18:46]} g6 {[%clk 0:32:25]} 19. Bf1 {[%clk 0:18:27]} Qc6 {[%clk 0:32:23]} 20.
Bd2 {[%clk 0:14:42]} b5 {[%clk 0:32:26]} 21. Be1 {[%clk 0:14:08]} Be7 {[%clk
0:32:46]} 22. h3 {[%clk 0:14:05]} Qd7 {[%clk 0:32:28]} 23. Rf2 {[%clk 0:13:32]}
Kd8 {[%clk 0:30:34]} 24. Kg1 {[%clk 0:11:34]} Kc7 {[%clk 0:30:42]} 25. Qf3 {[%clk
0:11:00]} Rcd8 {[%clk 0:30:46]} 26. Bg2 {[%clk 0:10:47]} Kb6 {[%clk 0:28:14]} 27.
Rd1 {[%clk 0:10:15]} a4 {[%clk 0:28:12]} 28. h4 {[%clk 0:07:38]} Ka6 {[%clk
0:28:26]} 29. Bf1 {[%clk 0:07:29]} Kb6 {[%clk 0:28:41]} 30. Rg2 {[%clk 0:07:16]}
Rc8 {[%clk 0:28:50]} 1/2-1/2